Six tales of fear
Guardado en:
| Hovedforfatter: | |
|---|---|
| Format: | Bog |
| Sprog: | Undetermined |
| Udgivet: |
Washington, Estados Unidos
Ladder
1988
|
| Fag: | |
| Tags: |
Tilføj Tag
Ingen Tags, Vær først til at tagge denne postø!
|
MARC
| LEADER | 00000nam a2200000Ia 4500 | ||
|---|---|---|---|
| 008 | 170316s9999 xx 000 0 und d | ||
| 040 | |a cru BVZT | ||
| 090 | |a 810 P-15si | ||
| 100 | |a Poe, Edgar Allan | ||
| 245 | |a Six tales of fear | ||
| 260 | |a Washington, Estados Unidos | ||
| 260 | |b Ladder | ||
| 260 | |c 1988 | ||
| 300 | |a 128 páginas | ||
| 650 | |a LITERATURA ESTADOUNIDENSE | ||
| 999 | |c 6041 |d 6041 | ||
| 942 | |c 15 D |h 810 P-15si |2 z | ||
